Koncilová nádej v zrkadle konštitúcie Gaudium et spes

Bibliographic Details
Main Author: Balázs, Ján Krstiteľ, 1966- (Author)
Format: Article
Language:Slovak
Subjects:

MARC

LEADER 00000nab a2200000 ar4500
001 vtls008886681
003 SK-MaSNL
005 20260305042532.0
008 061129c2002 xo qr|p|||||||000 b|slo
015 |a SNBRB2006/11 
038 |a SNKBUCL 
040 |a SNKBUCL  |b slo  |e AACR2  |c SNKBUCL 
041 0 |a slo 
044 |a xo  |c SK 
080 |a 282  |2 1997 
080 |a 261  |2 1997 
080 |a 262.5  |2 1997 
100 1 |a Balázs, Ján Krstiteľ,  |d 1966-  |4 aut  |9 227103 
245 1 0 |a Koncilová nádej v zrkadle konštitúcie Gaudium et spes  |c Ján K. Balázs 
610 2 7 |a Katolícka cirkev.  |b Vatikánsky koncil  |n (2. :  |d 1962-1965)  |2 snkbucl 
650 0 7 |a cirkev  |2 snkbucl  |9 1922 
651 7 |a krajiny sveta  |2 snkbucl  |9 253334 
773 0 |t Listy  |g Roč. XV, č. 2 (2002), s. 3-6 
852 |a SNK  |b KIS3GCP 
958 |a SK 
999 |c 3349721  |d 3351651